Eastern Utah Libraries Catalog: Duchesne, Heber, Roosevelt, & Vernal

Minecraft : (Record no. 355173)

MARC details
000 -LEADER
fixed length control field 02786cam a2200541 i 4500
001 - CONTROL NUMBER
control field on1201340865
003 - CONTROL NUMBER IDENTIFIER
control field OCoLC
005 - DATE AND TIME OF LATEST TRANSACTION
control field 20211216142459.0
008 - FIXED-LENGTH DATA ELEMENTS--GENERAL INFORMATION
fixed length control field 201023t20202020nyu c 000 1 eng
010 ## - LIBRARY OF CONGRESS CONTROL NUMBER
LC control number 2020030937
020 ## - INTERNATIONAL STANDARD BOOK NUMBER
International Standard Book Number 9780399180781
Qualifying information (hardcover)
020 ## - INTERNATIONAL STANDARD BOOK NUMBER
International Standard Book Number 0399180788
Qualifying information (hardcover)
035 ## - SYSTEM CONTROL NUMBER
System control number (OCoLC)1201340865
040 ## - CATALOGING SOURCE
Original cataloging agency DLC
Language of cataloging eng
Description conventions rda
Transcribing agency FMG
Modifying agency FMG
-- LE@
-- CLE
-- OQX
-- TCH
-- UINTA
049 ## - LOCAL HOLDINGS (OCLC)
Holding library UCLB
050 00 - LIBRARY OF CONGRESS CALL NUMBER
Classification number PZ7.1.L39487
Item number Mi 2020
082 00 - DEWEY DECIMAL CLASSIFICATION NUMBER
Classification number [Fic]
Edition number 23
092 ## - LOCALLY ASSIGNED DEWEY CALL NUMBER (OCLC)
Classification number junior fiction
Item number Lee
100 1# - MAIN ENTRY--PERSONAL NAME
Personal name Lee, C. B.,
Relator term author.
9 (RLIN) 6383390
245 10 - TITLE STATEMENT
Title Minecraft :
Remainder of title the shipwreck /
Statement of responsibility, etc C.B. Lee.
246 30 - VARYING FORM OF TITLE
Title proper/short title Shipwreck
246 1# - VARYING FORM OF TITLE
Display text At head of title:
Title proper/short title Mojang
250 ## - EDITION STATEMENT
Edition statement First US edition.
264 #1 - Production, Publication, Distribution, Manufacture, and Copyright Notice.
Place of production, publication, distribution, manufacture New York :
Name of producer, publisher, distributor, manufacturer Del Rey,
Date of production, publication, distribution, manufacture, or copyr [2020]
264 #4 - Production, Publication, Distribution, Manufacture, and Copyright Notice.
Date of production, publication, distribution, manufacture, or copyr �2020
300 ## - PHYSICAL DESCRIPTION
Extent 352 pages ;
Dimensions 22 cm.
336 ## - Content Type
Content type term text
337 ## - Media type
Media type term unmediated
338 ## - Carrier type
Carrier type term volume
490 ## - SERIES STATEMENT
Series statement Official Minecraft :
Volume number/sequential designation 6
500 ## - GENERAL NOTE
General note Series numeration from www.goodreads.com.
500 ## - GENERAL NOTE
General note An official Minecraft novel.
520 ## - SUMMARY, ETC.
Summary, etc "Unravel the mysteries of an extraordinary underwater world in this official Minecraft novel! When three kids discover a mystery in an abandoned Minecraft server, they must race against the clock to uncover its secrets. When three teenagers--Jake Thomas, Emily Quesada, and Thanh Vuong--are forced to clean up and sort through the items in their beloved community center before a developer demolishes the building, they discover an odd Minecraft server on one of the old computers. The game world is littered with riddles that promise incredible, impossible creations if they can just follow the clues. However, a strange figure called the Wizard thwarts the kids at every turn as they try to unravel the mysteries laid before them. Will they be able to work together to beat the Wizard, or will they run out of time?"--
650 #0 - SUBJECT ADDED ENTRY--TOPICAL TERM
Topical term or geographic name as entry element Minecraft (Game)
Form subdivision Juvenile fiction.
9 (RLIN) 5713919
650 #0 - SUBJECT ADDED ENTRY--TOPICAL TERM
Topical term or geographic name as entry element Shipwrecks
Form subdivision Juvenile fiction.
9 (RLIN) 5699337
650 #0 - SUBJECT ADDED ENTRY--TOPICAL TERM
Topical term or geographic name as entry element Underwater exploration
Form subdivision Juvenile fiction.
9 (RLIN) 5707911
650 #0 - SUBJECT ADDED ENTRY--TOPICAL TERM
Topical term or geographic name as entry element Video games
Form subdivision Juvenile fiction.
9 (RLIN) 5680213
650 #1 - SUBJECT ADDED ENTRY--TOPICAL TERM
Topical term or geographic name as entry element Minecraft (Game)
Form subdivision Fiction.
9 (RLIN) 5713921
650 #7 - SUBJECT ADDED ENTRY--TOPICAL TERM
Topical term or geographic name as entry element JUVENILE FICTION / Action & Adventure / Survival Stories.
Source of heading or term bisacsh
9 (RLIN) 5693378
650 #7 - SUBJECT ADDED ENTRY--TOPICAL TERM
Topical term or geographic name as entry element JUVENILE FICTION / Media Tie-In.
Source of heading or term bisacsh
9 (RLIN) 5719432
650 #7 - SUBJECT ADDED ENTRY--TOPICAL TERM
Topical term or geographic name as entry element JUVENILE FICTION / Fantasy & Magic.
Source of heading or term bisacsh
9 (RLIN) 5675426
655 #7 - INDEX TERM--GENRE/FORM
Genre/form data or focus term Fantasy fiction.
Source of term lcgft
9 (RLIN) 6383391
655 #7 - INDEX TERM--GENRE/FORM
Genre/form data or focus term Young adult fiction.
Source of term lcsh
9 (RLIN) 6383392
710 2# - ADDED ENTRY--CORPORATE NAME
Corporate name or jurisdiction name as entry element Mojang AB (Firm)
9 (RLIN) 5712867
776 08 - ADDITIONAL PHYSICAL FORM ENTRY
Display text Online version:
Main entry heading Lee, C. B.
Title Minecraft : the shipwreck
Place, publisher, and date of publication New York : Del Rey, [2020]
International Standard Book Number 9780399180798
Record control number (DLC) 2020030938
830 #0 - SERIES ADDED ENTRY--UNIFORM TITLE
Uniform title Minecraft ;
Volume number/sequential designation 06.
9 (RLIN) 5723928
942 ## - ADDED ENTRY ELEMENTS (KOHA)
Source of classification or shelving scheme Dewey Decimal Classification
Koha item type BOOK
Holdings
Withdrawn status Lost status Source of classification or shelving scheme Damaged status Not for loan Collection code Home library Current library Shelving location Date acquired Source of acquisition Serial Enumeration / chronology Total Checkouts Total Renewals Full call number Barcode Date last seen Date checked out Cost, replacement price Price effective from Koha item type
    Dewey Decimal Classification     Junior Fiction Wasatch County Library Wasatch County Library Main Floor Junior Area 01/11/2022 Micromarketing #6 Official Minecraft 13 15 J Minecraft Lee 34301001835083 08/14/2025 08/07/2025 17.99 01/11/2022 BOOK
This project was made possible through a grant from the Institute of Museum and Library Service administered by the Utah State Library Division.

Wasatch County Library

  • 465 East 1200 South, Heber City, Utah 84032
  • Phone 435-654-1511 | Fax 435-654-6456

Hours

  • Monday - Friday 9:30 AM - 8:00 PM
  • Saturday 9:30 AM - 1:30 PM
  • Closed Sundays and Holidays